[Event "Titled Tue 3rd Jan Late"]
[Site "chess.com INT"]
[Date "2025.06.03"]
[Round "9"]
[White "Avila, Lucas"]
[Black "Vifleemskaia, Svetlana"]
[Result "1-0"]
[BlackTitle "WFM"]
[WhiteElo "2182"]
[BlackElo "1942"]
[WhiteFideId "107751"]
[BlackFideId "4129490"]
[EventDate "2025.06.03"]

1. e4 e5 2. Nf3 Nc6 3. Bb5 a6 4. Ba4 Nf6 5. O-O Be7 6. Re1 b5 7. Bb3 d6 8. c3
O-O 9. d3 Na5 10. Bc2 c5 11. Nbd2 Bb7 12. Nf1 Re8 13. Ng3 Bf8 14. d4 cxd4 15.
cxd4 exd4 16. Nxd4 Rc8 17. b3 Nc6 18. Bb2 Nxd4 19. Bxd4 Qa5 20. Bxf6 gxf6 21.
Nh5 Re6 22. Re3 Qc7 23. Rg3+ Kh8 24. Qg4 Bh6 25. Bd3 Qc3 26. Rd1 Qe5 27. f4 Qd4+
28. Kh1 Bxe4 29. Bxe4 Qxe4 30. h3 f5 31. Qh4 d5 32. Nf6 1-0

[Event "Titled Tue 3rd Jan Late"]
[Site "chess.com INT"]
[Date "2025.06.03"]
[Round "9"]
[White "Carlsson, Ludvig"]
[Black "Mirimanian, Hayk"]
[Result "1-0"]
[WhiteTitle "IM"]
[BlackTitle "FM"]
[WhiteElo "2374"]
[BlackElo "2237"]
[WhiteFideId "1727010"]
[BlackFideId "4700180"]
[EventDate "2025.06.03"]

1. e4 e5 2. Nf3 Nc6 3. Bb5 a6 4. Ba4 Nf6 5. O-O b5 6. Bb3 Be7 7. Re1 d6 8. c3
O-O 9. h3 Na5 10. Bc2 c5 11. d4 Qc7 12. d5 Nc4 13. b3 Nb6 14. a4 c4 15. a5 cxb3
16. Bxb3 Nc4 17. Bxc4 Qxc4 18. Bd2 Nxe4 19. Na3 Qxd5 20. Qe2 Nxd2 21. Nxd2 Bb7
22. f3 Rac8 23. c4 Qc5+ 24. Kh1 b4 25. Nc2 d5 26. Rab1 dxc4 27. Nxb4 c3 28. Nd3
Qd5 29. Ne4 c2 30. Rb2 f5 31. Nef2 e4 32. Nf4 Qxa5 33. Rc1 Ba3 34. Rcxc2 Bxb2
35. Rxb2 Rc1+ 36. Kh2 Qe5 37. g3 Rfc8 38. Rxb7 R1c2 39. Qe3 R2c3 40. Qd2 Rxf3
41. Qa2+ Kh8 42. Rf7 Rxf4 43. gxf4 Qxf4+ 44. Kg2 Qf3+ 45. Kh2 h6 46. Qb2 Rd8 47.
Qxg7# 1-0

[Event "Titled Tue 3rd Jan Late"]
[Site "chess.com INT"]
[Date "2025.06.03"]
[Round "9"]
[White "Grzesik, Gracjan"]
[Black "Gelman, Alexander"]
[Result "0-1"]
[WhiteTitle "CM"]
[BlackTitle "IM"]
[WhiteElo "2175"]
[BlackElo "2403"]
[WhiteFideId "1194593"]
[BlackFideId "4118316"]
[EventDate "2025.06.03"]

1. c4 c5 2. Nf3 Nf6 3. Nc3 e6 4. g3 Be7 5. Bg2 O-O 6. O-O a6 7. d4 cxd4 8. Nxd4
d6 9. b3 Qc7 10. Bb2 Nbd7 11. Rc1 Ne5 12. h3 Bd7 13. f4 Ng6 14. e4 Rac8 15. Kh1
Qb8 16. f5 Ne5 17. Nf3 Nxf3 18. Qxf3 b5 19. cxb5 axb5 20. g4 h6 21. h4 Nh7 22.
Qg3 b4 23. Ne2 Rxc1 24. Nxc1 Qd8 25. g5 hxg5 26. Nd3 e5 27. hxg5 Bxg5 28. Nxb4
Qa5 29. Nd5 Qxa2 30. Bc1 Bxc1 31. Rxc1 Qd2 32. Rc7 Rd8 33. f6 Qh6+ 34. Kg1 Nxf6
35. Ne7+ Kf8 36. Nf5 Bxf5 37. exf5 Qd2 38. Rc4 d5 39. Rh4 Qd1+ 40. Kh2 Ke7 41.
Qxe5+ Kd7 42. Rd4 Ng4+ 43. Rxg4 Qxg4 44. Qxd5+ Ke7 45. Qe5+ Kf8 46. Qc5+ Kg8 47.
Qe7 Qf4+ 48. Kh3 Rd3+ 0-1

[Event "Titled Tue 3rd Jan Late"]
[Site "chess.com INT"]
[Date "2025.06.03"]
[Round "9"]
[White "Borisov, Yuri"]
[Black "Povshednyi, Ivan"]
[Result "0-1"]
[WhiteTitle "FM"]
[BlackTitle "FM"]
[WhiteElo "2285"]
[BlackElo "2320"]
[WhiteFideId "1503928"]
[BlackFideId "14190907"]
[EventDate "2025.06.03"]

1. e4 c5 2. Nc3 d6 3. Bc4 e6 4. d3 a6 5. a4 Nf6 6. f4 Nc6 7. Nf3 d5 8. Bb3 dxe4
9. Nxe4 Be7 10. O-O O-O 11. Qe1 b6 12. Bd2 Bb7 13. Bc3 Nd4 14. Nxd4 cxd4 15. Bd2
Rc8 16. f5 e5 17. Ng5 h6 18. Nxf7 Rxf7 19. Bxf7+ Kxf7 20. Qxe5 Qd5 21. Qxd5+
Nxd5 22. Rac1 Nb4 23. f6 gxf6 24. Bxh6 Na2 25. Ra1 Rxc2 26. Rf2 Rxf2 27. Kxf2
Nb4 28. Rd1 Bd5 29. Bf4 Bb3 30. Rd2 Bxa4 31. h4 Nd5 32. Bb8 f5 33. h5 Bg5 34.
Re2 Be3+ 35. Kg3 Bd1 36. Re1 Bxh5 37. Kh4 Bg6 38. Ra1 a5 39. b3 f4 40. Kg4 Bxd3
41. Kf3 Nc3 42. Bxf4 Be4+ 43. Kg4 Bxg2 44. Bxe3 dxe3 45. Re1 e2 46. Kg3 Bf1 47.
Kf2 Ne4+ 48. Ke3 Nd6 49. Rc1 Ke6 50. Kf2 Kd5 0-1

[Event "Titled Tue 3rd Jan Late"]
[Site "chess.com INT"]
[Date "2025.06.03"]
[Round "9"]
[White "Orshonova, Elena"]
[Black "Brancaleoni, Maurizio"]
[Result "0-1"]
[WhiteTitle "WFM"]
[BlackTitle "FM"]
[WhiteElo "1948"]
[BlackElo "2185"]
[WhiteFideId "24174750"]
[BlackFideId "803022"]
[EventDate "2025.06.03"]

1. e4 c6 2. Nf3 d5 3. Nc3 dxe4 4. Nxe4 Nf6 5. Ng3 h5 6. h4 c5 7. Be2 Nc6 8. d3
Bg4 9. Bf4 Nd5 10. Bd2 e5 11. c3 Be7 12. Qa4 Kf8 13. O-O-O Nb6 14. Qe4 f6 15.
Be3 Nd5 16. Kb1 Qd7 17. a4 Be6 18. Nd2 f5 19. Qf3 f4 20. Nge4 Bg4 21. Nxc5 Qd6
22. Qe4 Bxe2 23. Nc4 Nf6 24. Nxd6 Nxe4 25. Ndxe4 Bxd1 26. Rxd1 fxe3 27. fxe3 b6
28. Ne6+ Kg8 29. N4g5 Bxg5 0-1

[Event "Titled Tue 3rd Jan Late"]
[Site "chess.com INT"]
[Date "2025.06.03"]
[Round "9"]
[White "Shandrygin, Nikita"]
[Black "Gyurjinyan, Valter"]
[Result "0-1"]
[WhiteTitle "FM"]
[BlackTitle "CM"]
[WhiteElo "2209"]
[BlackElo "2208"]
[WhiteFideId "24198668"]
[BlackFideId "13318179"]
[EventDate "2025.06.03"]

1. e4 c5 2. b4 cxb4 3. a3 d5 4. exd5 Qxd5 5. Nf3 e6 6. axb4 Bxb4 7. c3 Be7 8. d4
Nf6 9. Bd3 O-O 10. O-O b6 11. Na3 Bb7 12. Nb5 Na6 13. Rxa6 Bxa6 14. Nc7 Qc6 15.
Nxa6 Qxc3 16. Qe2 Rac8 17. Bd2 Qa3 18. Rb1 Rfd8 19. g3 Nd5 20. Ne5 g6 21. Qf3
Bf6 22. Ng4 Bg7 23. Nb4 Nc3 24. Bxc3 Qxc3 25. d5 a5 26. Na2 Qa3 27. Qe2 Rxd5 28.
Be4 Rd4 29. h3 h5 30. Nh2 Qa4 0-1

[Event "Titled Tue 3rd Jan Late"]
[Site "chess.com INT"]
[Date "2025.06.03"]
[Round "9"]
[White "Ferrara, Enzo"]
[Black "Ozkan, Taha"]
[Result "1-0"]
[BlackTitle "FM"]
[WhiteElo "2138"]
[BlackElo "2247"]
[WhiteFideId "137731"]
[BlackFideId "34577173"]
[EventDate "2025.06.03"]

1. d4 Nf6 2. c4 e6 3. Nc3 d5 4. Nf3 Be7 5. g3 O-O 6. Bg2 b6 7. O-O Bb7 8. Ne5
Nbd7 9. f4 c5 10. e3 cxd4 11. exd4 Qb8 12. Nxd7 Nxd7 13. cxd5 exd5 14. Nxd5 Bd6
15. f5 Rd8 16. f6 g6 17. Bh6 Bf8 18. Bxf8 Nxf8 19. Ne7+ Kh8 20. d5 Qd6 21. Qd2
Nd7 22. Qg5 Qe5 23. Rf5 Qxb2 24. Raf1 Nc5 25. Qh6 Rg8 26. Nxg8 Rxg8 27. R5f4
Qxa2 28. Qxh7+ 1-0

[Event "Titled Tue 3rd Jan Late"]
[Site "chess.com INT"]
[Date "2025.06.03"]
[Round "9"]
[White "Tilahun, Abel Mathewos"]
[Black "Ocampos, Ian"]
[Result "0-1"]
[WhiteTitle "CM"]
[WhiteElo "1944"]
[BlackElo "2219"]
[WhiteFideId "15702391"]
[BlackFideId "117544"]
[EventDate "2025.06.03"]

1. e4 c5 2. Nf3 a6 3. c4 Nc6 4. Nc3 Nf6 5. d4 cxd4 6. Nxd4 e5 7. Nf5 d5 8. cxd5
Bxf5 9. exf5 Nd4 10. g4 h5 11. g5 Nxd5 12. Bg2 Bb4 13. O-O Bxc3 14. bxc3 Nxc3
15. Qe1 Nce2+ 16. Kh1 Nxc1 17. Rxc1 Qxg5 18. Qxe5+ Qe7 19. Qxd4 O-O 20. Rfe1 Qg5
21. f6 g6 22. Rc3 Rad8 23. Qc5 Qxf6 24. Rf3 Qb2 25. Rg3 Kg7 26. Qxh5 Rh8 27. Qa5
Qxf2 28. Qc3+ Qd4 29. Qxd4+ Rxd4 30. h3 b5 31. Rge3 Rhd8 32. Kh2 Rd2 33. R1e2 a5
34. Kg3 b4 35. Bd5 R2xd5 36. Re7 Rf5 37. Ra7 Rd3+ 38. Kg2 Rg5+ 39. Kh2 Rh5 40.
Ree7 Rhxh3+ 41. Kg2 Rhf3 42. Rxa5 Rf5 43. Raa7 g5 44. Reb7 Rf4 0-1

[Event "Titled Tue 3rd Jan Late"]
[Site "chess.com INT"]
[Date "2025.06.03"]
[Round "9"]
[White "Rojas Alarcon, Julian Antonio"]
[Black "Silva, Luca"]
[Result "1-0"]
[WhiteTitle "FM"]
[BlackTitle "FM"]
[WhiteElo "2365"]
[BlackElo "2227"]
[WhiteFideId "5107407"]
[BlackFideId "147370"]
[EventDate "2025.06.03"]

1. c4 e6 2. d4 Nf6 3. Nc3 Bb4 4. a3 Bxc3+ 5. bxc3 c5 6. e3 Nc6 7. Ne2 d6 8. Ng3
O-O 9. Bd3 b6 10. O-O Ba6 11. f4 Na5 12. Qe2 Ne8 13. e4 Rc8 14. d5 exd5 15. cxd5
Bxd3 16. Qxd3 c4 17. Qf3 Nb3 18. Ra2 Nxc1 19. Rxc1 Qd7 20. e5 Rc5 21. Rd1 Nc7
22. Rad2 Rd8 23. Ne4 Ra5 24. Nxd6 Rxa3 25. f5 f6 26. Nxc4 Ra4 27. e6 Qe8 28. Ne3
Nb5 29. d6 Nxc3 30. d7 Qe7 31. Nd5 Nxd5 32. Qxd5 Ra5 33. Qf3 Kf8 34. Qh5 Kg8 35.
Rd5 Rxd5 36. Rxd5 a5 37. Qg4 Kf8 38. h4 Qb4 39. Qxb4+ axb4 40. Rb5 Rb8 41. Rxb4
Ke7 42. g4 Ra8 43. Rxb6 Ra4 44. Rb8 Rxg4+ 45. Kh2 Rxh4+ 46. Kg3 Rd4 47. Re8+ Kd6
48. d8=Q+ Ke5 49. Qxd4+ Kxd4 50. e7 Ke5 51. Rg8 Kxf5 52. Rxg7 1-0

[Event "Titled Tue 3rd Jan Late"]
[Site "chess.com INT"]
[Date "2025.06.03"]
[Round "9"]
[White "Antoniou, Rafail"]
[Black "Kobalia, Mikhail"]
[Result "1-0"]
[WhiteTitle "CM"]
[BlackTitle "GM"]
[WhiteElo "2134"]
[BlackElo "2538"]
[WhiteFideId "5904390"]
[BlackFideId "4119150"]
[EventDate "2025.06.03"]

1. c4 b6 2. Nf3 Bb7 3. d4 Nf6 4. a3 e6 5. Nc3 d5 6. cxd5 exd5 7. Bg5 a6 8. e3
Bd6 9. Bd3 Nbd7 10. O-O O-O 11. Qd2 Qe8 12. Bf4 Bxf4 13. exf4 Ne4 14. Bxe4 dxe4
15. Ne5 Nf6 16. Rac1 Rd8 17. Qe3 Qe6 18. Rfd1 Rfe8 19. h3 Re7 20. Kh2 Nd5 21.
Nxd5 Bxd5 22. Rc3 c6 23. Rdc1 Rd6 24. Qg3 Qf6 25. f5 h5 26. Nc4 Bxc4 27. Rxc4
Red7 28. Qe5 Qxe5+ 29. dxe5 Rd2 30. e6 fxe6 31. fxe6 Re7 32. Rxe4 Rxf2 33. b4
Ra2 34. Rxc6 b5 35. Rxa6 Kh7 36. Re5 Kg6 37. Rxb5 h4 38. Re5 Kf6 39. Re4 g5 40.
b5 Rb2 41. a4 Kf5 42. Re1 Rc7 43. e7 Rcc2 44. Rf1+ 1-0

[Event "Titled Tue 3rd Jan Late"]
[Site "chess.com INT"]
[Date "2025.06.03"]
[Round "9"]
[White "Pribelszky, Bence"]
[Black "Harvey, Marcus R"]
[Result "1-0"]
[WhiteTitle "IM"]
[BlackTitle "IM"]
[WhiteElo "2400"]
[BlackElo "2447"]
[WhiteFideId "769738"]
[BlackFideId "400092"]
[EventDate "2025.06.03"]

1. e4 c6 2. Nc3 d5 3. Nf3 dxe4 4. Nxe4 Nf6 5. Ng3 h5 6. h4 Bg4 7. Bc4 e6 8. d3
Nbd7 9. Bg5 Ne5 10. Bb3 a5 11. a3 a4 12. Ba2 Qb6 13. Rb1 O-O-O 14. Bf4 Bxf3 15.
gxf3 Bd6 16. Kf1 Nxd3 17. Be3 Nc5 18. Qe1 Nd5 19. Bxd5 cxd5 20. b4 Qb5+ 21. Kg2
Nd7 22. Ne2 Kb8 23. Nc3 Qc4 24. Nxa4 d4 25. Bd2 Qd5 26. Qe2 Rc8 27. Rhc1 Rxc2
28. Rxc2 d3 29. Qd1 dxc2 30. Qxc2 Rc8 31. Nc3 Qc4 32. Qa4 Nb6 33. Qa5 Qa6 34.
Nb5 Nc4 35. Qxa6 bxa6 36. Nxd6 Nxd6 37. Bf4 Rd8 38. b5 Kc8 39. bxa6 Kd7 40. Rd1 1-0

[Event "Titled Tue 3rd Jan Late"]
[Site "chess.com INT"]
[Date "2025.06.03"]
[Round "9"]
[White "Niemann, Hans Moke"]
[Black "Bluebaum, Matthias"]
[Result "1/2-1/2"]
[WhiteTitle "GM"]
[BlackTitle "GM"]
[WhiteElo "2736"]
[BlackElo "2660"]
[WhiteFideId "2093596"]
[BlackFideId "24651516"]
[EventDate "2025.06.03"]

1. e4 e6 2. d4 d5 3. e5 c5 4. c3 Nc6 5. Nf3 Nge7 6. Bd3 cxd4 7. cxd4 Nf5 8. Bxf5
exf5 9. Nc3 Be7 10. h4 O-O 11. h5 f6 12. Bf4 fxe5 13. Nxe5 Be6 14. O-O Nxe5 15.
Bxe5 f4 16. Re1 Qd7 17. h6 gxh6 18. Qh5 Bg5 19. f3 Bf7 20. Qh2 Bg6 21. Ne2 Qf5
22. Rac1 Rae8 23. Kh1 Rf7 24. Nc3 Qd7 25. Nd1 Bf6 26. Nf2 Bxe5 27. dxe5 h5 28.
Rcd1 d4 29. Ne4 Bxe4 30. Rxe4 Qf5 31. Qh4 Rxe5 32. Rexd4 Qg5 33. Qxg5+ Rxg5 34.
Rd5 h6 35. Rd7 Rgf5 36. Rxf7 Rxf7 37. Rd5 Rc7 38. Rxh5 Rc2 39. Rb5 b6 40. a4 Kg7
41. b4 Rb2 42. a5 bxa5 43. Rxa5 Rxb4 44. Rxa7+ Kg6 45. Ra6+ Kg5 46. Kh2 h5 47.
Ra5+ Kg6 48. Ra6+ Kg5 49. Ra5+ Kg6 50. Ra6+ Kg5 1/2-1/2

[Event "Titled Tue 3rd Jan Late"]
[Site "chess.com INT"]
[Date "2025.06.03"]
[Round "9"]
[White "Mikhalevski, Victor"]
[Black "Murzin, Volodar"]
[Result "1-0"]
[WhiteTitle "GM"]
[BlackTitle "GM"]
[WhiteElo "2513"]
[BlackElo "2658"]
[WhiteFideId "2801914"]
[BlackFideId "44155573"]
[EventDate "2025.06.03"]

1. Nf3 Nf6 2. g3 c5 3. Bg2 Nc6 4. O-O e5 5. c4 d6 6. Nc3 g6 7. a3 Bg7 8. d3 O-O
9. Rb1 a5 10. Ne1 Bd7 11. Nc2 a4 12. Ne3 Qa5 13. Bd2 Nd4 14. Ne4 Qa6 15. Nxf6+
Bxf6 16. Nd5 Bd8 17. e3 Nb3 18. Bc3 Rc8 19. f4 f6 20. g4 b5 21. g5 f5 22. Rf2
bxc4 23. dxc4 Be6 24. Qe2 e4 25. Rd1 Rf7 26. h4 h5 27. Bf1 Rc6 28. Qc2 Kf8 29.
Be2 Ba5 30. Bf6 Rb7 31. Bxh5 gxh5 32. g6 Nd2 33. Rdxd2 Bxd2 34. Rxd2 Ke8 35. Qd1
Qxc4 36. Nc3 d5 37. Qxh5 d4 38. exd4 Rd6 39. d5 Bg8 40. Qh8 1-0

[Event "Titled Tue 3rd Jan Late"]
[Site "chess.com INT"]
[Date "2025.06.03"]
[Round "9"]
[White "Ahmad, Khagan"]
[Black "Sarana, Alexey"]
[Result "0-1"]
[WhiteTitle "IM"]
[BlackTitle "GM"]
[WhiteElo "2405"]
[BlackElo "2686"]
[WhiteFideId "13431552"]
[BlackFideId "24133795"]
[EventDate "2025.06.03"]

1. d4 Nf6 2. c4 e6 3. Nf3 d5 4. Nc3 Nbd7 5. cxd5 exd5 6. Bg5 Bb4 7. Qc2 c5 8. e3
Qa5 9. Bxf6 Nxf6 10. Be2 O-O 11. O-O c4 12. Ne5 Bd6 13. b3 b5 14. bxc4 bxc4 15.
Bf3 Be6 16. e4 Rac8 17. Rfd1 Rfd8 18. exd5 Nxd5 19. Nxd5 Bxd5 20. Bxd5 Qxd5 21.
Nf3 c3 22. Rab1 Rc7 23. Rb3 Rdc8 24. h3 h6 25. Rd3 Qa5 26. d5 Rc5 27. g3 a6 28.
Kg2 Rc4 29. Nh4 g6 30. Nf3 Qc5 31. Ng1 Be5 32. Ne2 Rd8 33. Nxc3 Rc8 34. d6 Qc6+
35. Kh2 Bxd6 36. Qe2 h5 37. Nd5 h4 38. Rb2 hxg3+ 39. fxg3 Kg7 40. Qf3 Be5 41.
Re2 Rc2 42. Rdd2 Rxd2 43. Rxd2 Qe6 44. Nf4 Qf5 45. Qd3 Qf6 46. Nd5 Qg5 0-1

[Event "Titled Tue 3rd Jan Late"]
[Site "chess.com INT"]
[Date "2025.06.03"]
[Round "9"]
[White "Omariev, Maksim"]
[Black "Ivashentseva, Dominika"]
[Result "0-1"]
[WhiteTitle "FM"]
[BlackTitle "WCM"]
[WhiteElo "2304"]
[BlackElo "1921"]
[WhiteFideId "4193423"]
[BlackFideId "34331050"]
[EventDate "2025.06.03"]

1. a3 d5 2. b3 Nf6 3. c3 c5 4. d3 Nc6 5. e3 e5 6. f3 Be6 7. g3 Bd6 8. Bg2 Qc7 9.
Bb2 O-O-O 10. Ne2 Rhe8 11. Nd2 e4 12. fxe4 dxe4 13. d4 Ng4 14. Nf1 Na5 15. c4
Qb6 16. Bc3 cxd4 17. Nxd4 Be5 18. Rb1 Nc6 19. Qe2 Nxd4 20. exd4 Bxd4 21. Bxd4
Qxd4 22. h3 Qc3+ 23. Nd2 e3 24. hxg4 exd2+ 25. Kd1 Qxg3 26. Qf3 Bxg4 27. Qxg4+
Qxg4+ 28. Kc2 Qxg2 29. Kb2 d1=Q+ 30. Ka1 Qd4+ 0-1

[Event "Titled Tue 3rd Jan Late"]
[Site "chess.com INT"]
[Date "2025.06.03"]
[Round "9"]
[White "Maklakova, Nellija"]
[Black "Molinaroli, Martin"]
[Result "1-0"]
[BlackTitle "FM"]
[WhiteElo "1926"]
[BlackElo "2161"]
[WhiteFideId "11603470"]
[BlackFideId "4606604"]
[EventDate "2025.06.03"]

1. d4 g6 2. e4 Bg7 3. Nf3 d6 4. Bc4 Nf6 5. Nc3 O-O 6. O-O Bg4 7. h3 Bxf3 8. Qxf3
Nc6 9. Be3 e5 10. Ne2 exd4 11. Nxd4 Ne5 12. Qe2 Nxc4 13. Qxc4 Nxe4 14. Nb5 c6
15. Qxe4 d5 16. Qb4 cxb5 17. Qxb5 Qc7 18. c3 Rfe8 19. Rad1 a6 20. Qxd5 Rad8 21.
Qb3 b5 22. a4 Qb7 23. axb5 axb5 24. Bg5 Rc8 25. Rd5 h6 26. Bf4 Re4 27. Rxb5 Qc6
28. Be3 Rce8 29. Rb7 R4e6 30. Ra1 Qe4 31. Raa7 Qf5 32. Rxf7 Qxf7 33. Rxf7 Kxf7
34. c4 g5 35. c5 Kg6 36. Qc2+ Kh5 37. b4 Be5 38. g4+ Kh4 39. Kg2 Bf4 40. Bxf4
gxf4 41. Qf5 Re5 42. Qf6+ Rg5 43. Qxh6+ 1-0

[Event "Titled Tue 3rd Jan Late"]
[Site "chess.com INT"]
[Date "2025.06.03"]
[Round "9"]
[White "Hernandez Bonilla, Amelia"]
[Black "Noy, Eyal"]
[Result "0-1"]
[WhiteTitle "WFM"]
[BlackTitle "FM"]
[WhiteElo "1976"]
[BlackElo "2346"]
[WhiteFideId "3900193"]
[BlackFideId "2821117"]
[EventDate "2025.06.03"]

1. d4 d5 2. Bf4 Bg4 3. c4 dxc4 4. Nf3 Nf6 5. Ne5 e6 6. Nxg4 Nxg4 7. e3 Nf6 8.
Bxc4 Bd6 9. Bg5 h6 10. Bh4 Nbd7 11. Nc3 O-O 12. O-O c5 13. Ne4 Be7 14. Nxc5 Nxc5
15. dxc5 Bxc5 16. Qf3 Be7 17. Rfd1 Qb6 18. Bb3 a5 19. Bxf6 Bxf6 20. Rd7 Bxb2 21.
Rb1 Bf6 22. Rxb7 Qc5 23. Qe4 Qa3 24. Qa4 Qd6 25. Rd1 Qe5 26. g3 Rfc8 27. Qd7 Rf8
28. Rc1 a4 29. Bc4 Qe4 30. Bd3 Qg4 31. Bf1 Rad8 32. Qb5 Rd2 33. h3 Qf3 0-1

[Event "Titled Tue 3rd Jan Late"]
[Site "chess.com INT"]
[Date "2025.06.03"]
[Round "9"]
[White "Atanasov, Anthony"]
[Black "Raptis, Nick"]
[Result "0-1"]
[WhiteTitle "IM"]
[BlackTitle "FM"]
[WhiteElo "2402"]
[BlackElo "2220"]
[WhiteFideId "2623897"]
[BlackFideId "2016850"]
[EventDate "2025.06.03"]

1. e4 e6 2. d4 d5 3. Nc3 Nf6 4. e5 Nfd7 5. f4 c5 6. Nf3 Nc6 7. Be3 a6 8. Qd2 b5
9. h4 Qb6 10. Ne2 b4 11. h5 a5 12. Rd1 Ba6 13. dxc5 Bxc5 14. Ned4 Bxf1 15. Kxf1
O-O 16. g3 f6 17. Nxe6 Bxe3 18. Qxd5 Rf7 19. Neg5 fxg5 20. Nxg5 Ndxe5 21. Nxf7
Nxf7 22. h6 Rd8 23. Qf3 Nxh6 24. Rxd8+ Nxd8 25. Kg2 Nhf7 26. Qe4 Qc6 27. Qxc6
Nxc6 28. Re1 Bc5 29. Re8+ Bf8 30. Rc8 Nfd8 31. Rc7 Bc5 32. Kf3 Bd4 33. b3 Bf6
34. Ke4 h5 35. Kf5 h4 36. g4 h3 37. Rd7 Bd4 38. Kg6 h2 39. Re7 Nxe7+ 0-1

[Event "Titled Tue 3rd Jan Late"]
[Site "chess.com INT"]
[Date "2025.06.03"]
[Round "9"]
[White "Bratovic, Blaz"]
[Black "Lacasa Diaz, Josep Anton"]
[Result "0-1"]
[WhiteTitle "IM"]
[BlackTitle "IM"]
[WhiteElo "2319"]
[BlackElo "2304"]
[WhiteFideId "14603551"]
[BlackFideId "2203375"]
[EventDate "2025.06.03"]

1. e4 e5 2. Nf3 Nc6 3. Bb5 a6 4. Ba4 Nf6 5. O-O Be7 6. d3 d6 7. c4 O-O 8. Nc3
Nd7 9. d4 Nxd4 10. Nxd4 exd4 11. Qxd4 Bf6 12. Qd2 Nb6 13. Bb3 a5 14. Qd3 a4 15.
Bc2 Bxc3 16. e5 Qh4 17. Bg5 Qh5 18. bxc3 dxe5 19. c5 Nd7 20. Be3 Nf6 21. Rab1
Be6 22. Bd1 Qh4 23. Rxb7 Bxa2 24. g3 Qh3 25. Bf3 e4 26. Bxe4 Rfd8 27. Qe2 Nxe4
28. Qf3 Nxc3 29. Rxc7 Bd5 0-1

[Event "Titled Tue 3rd Jan Late"]
[Site "chess.com INT"]
[Date "2025.06.03"]
[Round "9"]
[White "Montano Vicente, Guadalupe"]
[Black "Shi, Roger V"]
[Result "0-1"]
[WhiteElo "1940"]
[BlackElo "2137"]
[WhiteFideId "5181399"]
[BlackFideId "30980119"]
[EventDate "2025.06.03"]

1. d4 d5 2. c4 e6 3. Nf3 c5 4. cxd5 exd5 5. dxc5 Bxc5 6. e3 Nf6 7. Be2 O-O 8.
O-O Nc6 9. Nbd2 a5 10. Nb3 Ba7 11. Nbd4 Bg4 12. h3 Bd7 13. b3 Rc8 14. Bb2 Re8
15. Rc1 Ne5 16. Nxe5 Rxe5 17. Nb5 Rxc1 18. Qxc1 Bxb5 19. Bxb5 Re6 20. Rd1 h6 21.
Qc3 Qe7 22. a4 Kh7 23. Bd3+ g6 24. Bb5 d4 25. exd4 Nd5 26. Qd2 Re4 27. Bc4 Nf6
28. d5 Qd6 29. Qc3 Rf4 30. Rd2 Bxf2+ 31. Rxf2 Rxf2 32. Qe5 Qxe5 33. Bxe5 Rf5 34.
Bxf6 Rxf6 35. g4 g5 36. Kg2 Kg8 37. Kg3 Kf8 38. Kg2 Ke7 39. Kg3 Kd6 40. Kg2 b6
41. Kg3 Rf4 42. h4 f6 43. hxg5 fxg5 44. Kh3 Rd4 45. Kg3 Ke5 46. Kh3 Kf4 47. Kh2 0-1

[Event "Titled Tue 3rd Jan Late"]
[Site "chess.com INT"]
[Date "2025.06.03"]
[Round "9"]
[White "Zepeda Berlanga, Jan Enrique"]
[Black "Petrenko, Maryna"]
[Result "0-1"]
[WhiteTitle "CM"]
[BlackTitle "WFM"]
[WhiteElo "1941"]
[BlackElo "2116"]
[WhiteFideId "5132355"]
[BlackFideId "14197820"]
[EventDate "2025.06.03"]

1. e4 c6 2. d4 d5 3. Nc3 dxe4 4. Nxe4 Nf6 5. Nxf6+ exf6 6. c3 Bd6 7. Bd3 O-O 8.
Ne2 Re8 9. O-O Qc7 10. h3 Nd7 11. Qc2 Nf8 12. Be3 g6 13. c4 a6 14. Rad1 c5 15.
Nc3 cxd4 16. Bxd4 Be5 17. Nd5 Qd6 18. Bb6 Be6 19. Bxg6 Bxd5 20. c5 Qc6 21. Bh5
Bxg2 22. Rfe1 Bxh3 23. f3 Bd4+ 24. Kh2 Rxe1 25. Rxe1 Be6 26. Re4 Bf5 27. Bxf7+
Kxf7 28. Qc4+ Kg6 29. Qg8+ Kh5 30. Rg4 Be5+ 31. f4 Bxg4 32. Qxh7+ Nxh7 0-1

[Event "Titled Tue 3rd Jan Late"]
[Site "chess.com INT"]
[Date "2025.06.03"]
[Round "9"]
[White "Yue, Tariq"]
[Black "Bian, Alex"]
[Result "0-1"]
[WhiteTitle "CM"]
[BlackTitle "FM"]
[WhiteElo "2192"]
[BlackElo "2342"]
[WhiteFideId "30975182"]
[BlackFideId "2056372"]
[EventDate "2025.06.03"]

1. Nf3 c5 2. b3 Nc6 3. Bb2 d6 4. g3 e6 5. Bg2 Nf6 6. O-O Be7 7. d3 O-O 8. c4 Qc7
9. Nc3 a6 10. a3 Bd7 11. Rb1 Rab8 12. Ba1 b5 13. Nd2 b4 14. axb4 Nxb4 15. Nce4
Nxe4 16. Nxe4 Bc6 17. d4 f5 18. Nd2 Bxg2 19. Kxg2 cxd4 20. Bxd4 Nc6 21. Bc3 Bf6
22. Bxf6 Rxf6 23. Nf3 f4 24. Qd3 Rbf8 25. g4 Rg6 26. h3 e5 27. b4 Ne7 28. Ra1
Qb7 29. c5 dxc5 30. Qc4+ Kh8 31. Qxc5 h5 32. Kh2 hxg4 33. Nxe5 g3+ 34. fxg3 Rxg3
35. Rg1 Qe4 0-1

[Event "Titled Tue 3rd Jan Late"]
[Site "chess.com INT"]
[Date "2025.06.03"]
[Round "9"]
[White "Calhoun, Luke"]
[Black "Fomevor, Cephas Clinton"]
[Result "1-0"]
[BlackTitle "CM"]
[WhiteElo "1985"]
[BlackElo "1883"]
[WhiteFideId "2064421"]
[BlackFideId "12601330"]
[EventDate "2025.06.03"]

1. d4 d5 2. Nf3 Nf6 3. c3 c5 4. dxc5 Nc6 5. b4 a5 6. Qb3 e5 7. e3 axb4 8. cxb4
Bg4 9. Nbd2 Be7 10. Bb5 Qc7 11. Bb2 e4 12. Ne5 O-O 13. Nxg4 Nxg4 14. h3 Nge5 15.
a4 Rfd8 16. O-O Bf6 17. f4 exf3 18. Nxf3 Nxf3+ 19. Rxf3 d4 20. Bxc6 bxc6 21.
Bxd4 Bxd4 22. exd4 Rxd4 23. Raf1 Rd7 24. Re3 Kh8 25. Qc4 f6 26. b5 Qa7 27. b6
Qb7 28. a5 h6 29. Ra1 Ra6 30. Re8+ Kh7 31. Qe4+ 1-0